000 00646nam a2200217Ii 4500
003 JO-AjNU
008 230606s9999||||xx |||||||||||||| ||und||
020 _a0-273-02131-1
040 _aJO-AjNU
_beng
_erda
_cJO-AjNU
041 _aeng
050 1 4 _aHF5547.5.1986
100 3 _aHamilton,Helen/William Fellows Hunter,
_eauthor
_92937
245 0 0 _aOffice Practice and procedures for the Middle East Book2
250 _a1 ed
264 3 1 _aLondon:Pitman.1986
300 _a164p
336 _atext
_btxt
_2rdacontent
337 _aunmediated
_bn
_2rdamedia
338 _avolume
_bnc
_2rdacarrier
650 4 _aOffice Practice - procedures
_92938
999 _aE1539
_c1539
_d1539